| 000 | 00417nam a2200121 4500 | ||
|---|---|---|---|
| 999 |
_c520902 _d520902 |
||
| 082 | _aA45:P5 /2021-22 | ||
| 100 |
_aCentre for policy research in higher education _99011 |
||
| 245 | _aAnnual Report, 2021-22 | ||
| 260 |
_aNew Delhi _bNational Institute of Educational Planning and Administration _c2022 |
||
| 300 | _a83p. | ||
| 700 |
_aNational Institute of Educational Planning and Administration _99012 |
||
| 942 | _2ddc | ||